Central Library OPAC University of Rajshahi

Victory / (Record no. 18267)

MARC details
000 -LEADER
fixed length control field 00992cam a2200313 a 4500
001 - CONTROL NUMBER
control field 18267
003 - CONTROL NUMBER IDENTIFIER
rucl marc code BD-RjUL
005 - DATE AND TIME OF LATEST TRANSACTION
control field 20211209000248.0
008 - FIXED-LENGTH DATA ELEMENTS--GENERAL INFORMATION
fixed length control field 140220r19571915enk 000 1 eng
035 ## - SYSTEM CONTROL NUMBER
System control number (BD-RjUL)18325
040 ## - CATALOGING SOURCE
Original cataloging agency DLC
Transcribing agency DLC
Modifying agency DLC
-- BD-RjUL
Language of cataloging eng
041 ## - LANGUAGE CODE
Language code of text/sound track or separate title eng
082 00 - DEWEY DECIMAL CLASSIFICATION NUMBER
Classification number 823.912
Edition number 19
Author mark and year COV 1957
100 1# - MAIN ENTRY--PERSONAL NAME
Personal name Conrad, Joseph,
Dates associated with a name 1857-1924.
9 (RLIN) 51716
245 10 - TITLE STATEMENT
Title Victory /
Statement of responsibility, etc. by Joseph Conrad.
260 ## - PUBLICATION, DISTRIBUTION, ETC. (IMPRINT)
Place of publication, distribution, etc. London :
Name of publisher, distributor, etc. Methuen,
Date of publication, distribution, etc. [Reprinted 1957].
300 ## - PHYSICAL DESCRIPTION
Pagination viii, 328 p. ;
Size 20 cm.
500 ## - GENERAL NOTE
General note Publisher's advertisements on p. [416-420] and on 31 p. at end.
510 4# - CITATION/REFERENCES NOTE
Name of source Ehrsam, T.G. Conrad,
Location within source 2303.
650 #0 - SUBJECT ADDED ENTRY--TOPICAL TERM
Topical term or geographic name as entry element Europeans
Geographic subdivision Indonesia
Form subdivision Fiction.
9 (RLIN) 56232
Topical term or geographic name as entry element Women musicians
Form subdivision Fiction.
9 (RLIN) 56233
Topical term or geographic name as entry element Abused women
Form subdivision Fiction.
9 (RLIN) 56234
Topical term or geographic name as entry element Revenge
Form subdivision Fiction.
9 (RLIN) 56235
651 #0 - SUBJECT ADDED ENTRY--GEOGRAPHIC NAME
Geographic name Indonesia
Form subdivision Fiction.
9 (RLIN) 56236
942 ## - ADDED ENTRY ELEMENTS (KOHA)
Source of classification or shelving scheme Dewey Decimal Classification
Koha item type Books
Holdings
Lost status Source of classification or shelving scheme Damaged status Not for loan Collection code Permanent Location Current Location Shelving location Date acquired Source of acquisition Cost, normal purchase price Total Checkouts Full call number Date last seen Copy number Koha item type
  Dewey Decimal Classification     Non-fiction Central Library, University of Rajshahi Central Library, University of Rajshahi   21/08/1969 Zetlinger 7.60   823.912 COV 1957 20/02/2014 C-3 Books